Obnova mlyna a píly Lúky
Salvato in:
| Autore principale: | |
|---|---|
| Altri autori: | |
| Natura: | Manoscritto Libro |
| Lingua: | slovacco |
| Pubblicazione: |
2025
|
| Soggetti: | |
| Accesso online: | http://is.stuba.sk/zp/portal_zp.pl?podrobnosti=167508 CRZP |
| Tags: |
Nessun Tag, puoi essere il primo ad aggiungerne!!
|
MARC
| LEADER | 00000ntm a22000003a 4500 | ||
|---|---|---|---|
| 001 | stuzp103827 | ||
| 003 | SK-STU | ||
| 005 | 20250717160252.8 | ||
| 007 | ta | ||
| 008 | 150427s2015----xo-----f-mn---000-0-slo-d | ||
| 040 | |a STU |b slo | ||
| 041 | 0 | |a slo | |
| 100 | 1 | |a Barannyk, Vladyslav |u 010310 |4 aut |U SvF Stavebná fakulta |T SvF Katedra architektúry |X 114890 |U V181|V310 |Y 19 |7 114890 | |
| 242 | 0 | 1 | |a Restoration of theMill and sawmill Lúky |y eng |
| 245 | 1 | 0 | |a Obnova mlyna a píly Lúky |
| 260 | |c 2025 | ||
| 650 | 4 | |a Priestor na oslavy |2 slo | |
| 650 | 4 | |a Lúky |2 slo | |
| 650 | 4 | |a Obnova |2 slo | |
| 650 | 4 | |a Mlyn |2 slo | |
| 650 | 4 | |a Spoločenské akcie |2 slo | |
| 650 | 4 | |a Event space |2 eng | |
| 650 | 4 | |a Mill |2 eng | |
| 650 | 4 | |a Lúky |2 eng | |
| 650 | 4 | |a Restoration |2 eng | |
| 650 | 4 | |a Social events |2 eng | |
| 700 | 1 | |a Nádaská, Zuzana |u 010310 |k Z1 |4 ths |U SvF Stavebná fakulta |T SvF Katedra architektúry |X 790 |U V181|V310 |Y 19 |7 A000000790 | |
| 856 | 4 | |u http://is.stuba.sk/zp/portal_zp.pl?podrobnosti=167508 | |
| 856 | 4 | |u https://opac.crzp.sk/?fn=detailBiblioForm&sid=EE8AF2E76B4BE2A865ABC693824A |z CRZP | |